| 000 | 00902na a2200277 4500 | ||
|---|---|---|---|
| 001 | 16218 | ||
| 003 | MIRAKIL | ||
| 005 | 20181213154801.0 | ||
| 008 | 160930b tu 000 0 | ||
| 020 | _a9786058825659 | ||
| 040 |
_aMilas _btur _cTR-AnCHP |
||
| 082 |
_a104 _bN25t 2011 |
||
| 090 | _a104 N25t 2011 | ||
| 100 | _aNancy, Jean-Luc | ||
| 245 |
_aTanrı, adalet, aşk, güzellik _bdört büyük konferans _cJean-Luc Nancy ; Fransızcadan çeviren Murat Erşen |
||
| 260 |
_aİstanbul _bMonokl yayınları _c2011 |
||
| 300 |
_a175 s. _c19 sm. |
||
| 500 | _aYapıtın özgün adı : Dieu, la justice, l'amour, la beaué quatre petites conférences | ||
| 600 |
_aGüzellik _xFelsefe ve kuram |
||
| 600 |
_aAşk _xFelsefe ve kuram |
||
| 600 |
_aAdalet _xFelsefe ve kuram |
||
| 600 |
_aTanrı _xFelsefe ve kuram |
||
| 650 |
_aFelsefe _xDenemeler |
||
| 700 | _aErşen, Murat | ||
| 942 |
_2dcc _cBKS |
||
| 999 |
_c784 _d784 |
||